000 00365nam a2200145Ia 4500
008 231129s2001||||xx |||||||||||||| ||spa||
020 _a958-30-0013-2
040 _bspa
082 _a796.323 P434b
100 _aPerea Rosero Tucidides
245 0 _aBaloncesto
260 _c2001
264 _aPanamericana
942 _2ddc
_cBKS
999 _c6018
_d6018